| 000 | 00912 aa a2200217 4500 | ||
|---|---|---|---|
| 005 | 20120609145910.0 | ||
| 010 | _a | ||
| 020 |
_c200.00 _a |
||
| 035 | _aB-66973 | ||
| 037 | _bpub | ||
| 082 | _a581.630954 | ||
| 100 |
_aशर्मा, नरेन्द्र _948783 |
||
| 245 |
_aभारतीय जड़ी- बूटियों का इतिहास तथा प्रयोग / _cनरेन्द्र शर्मा |
||
| 246 |
_a _b |
||
| 260 |
_aदिल्ली _bजीवन ज्योति प्रकाशन _c2001 |
||
| 270 |
_a _b _e |
||
| 300 |
_a192पृ _c22 सेमी (सजिल्द) |
||
| 490 |
_a _948784 |
||
| 942 |
_adpl _cHN _k _2ddc _h581.630954 _mशर्मान |
||
| 999 |
_c67766 _d67766 |
||